Ilankaiyil thamil ilakkiya valarchi (Record no. 4162)
[ view plain ]
| 000 -LEADER | |
|---|---|
| fixed length control field | 00416nam a2200145Ia 4500 |
| 005 - DATE AND TIME OF LATEST TRANSACTION | |
| control field | 20250322130507.0 |
| 008 - FIXED-LENGTH DATA ELEMENTS--GENERAL INFORMATION | |
| fixed length control field | 240331s9999 xx 000 0 und d |
| 082 ## - DDC Classification | |
| Item Number - Author Mark | MAN |
| Class No. | 894 |
| 100 ## - MAIN ENTRY--PERSONAL NAME | |
| Personal name | Manoharan, T |
| 245 #0 - TITLE STATEMENT | |
| Title | Ilankaiyil thamil ilakkiya valarchi |
| 260 ## - PUBLICATION, DISTRIBUTION, ETC. | |
| Place of publication, distribution, etc. | Kalaivani Book Centre |
| Name of publisher, distributor, etc. | Jaffna & Kandy |
| Date of publication, distribution, etc. | 1997 |
| 300 ## - PHYSICAL DESCRIPTION | |
| Extent (e.g. Volumes, Pages etc.) | 225 p ., |
| 500 ## - GENERAL NOTE | |
| General note | A book Ilaththu illakkiya kalai varalarinai patriyathu |
| 942 ## - Koha item type (Biblio) | |
| Koha item type | Books in Stacks (Lending) |
| Lost status | Damaged status | Collection code | Home library | Current library | Shelving location | Date acquired | Full call number | Accession Number | Item type |
|---|---|---|---|---|---|---|---|---|---|
| Lending | WERC Library | WERC Library | Social Science Cupboard | 03/31/2024 | 894.811 MAN | 2567 | Books in Stacks (Lending) |
